000 00646nam a22002171a 4500
003 OSt
005 20240223110925.0
008 180215t2010 pk | |||| 00| f urd d
020 _a9789693509045
020 _a9693509048
040 _c0
082 _a891.4393
_bBAN 2010
100 1 _aبانوقدسیہ
_9121226
245 1 0 _aچہارچمن
_cBano Qudsia
246 _aChahaar Chaman
260 _aLahore:
_bSang e Meel Pub;
_c2010.
300 _a559 p.
650 _aUrdu literature
_vNovel
_9876
942 _2ddc
_cBK
_aSADA
_k891.4393 BAN 2010
999 _c608087
_d608087